Hamlet.

সংরক্ষণ করুন:
গ্রন্থ-পঞ্জীর বিবরন
অন্যান্য লেখক: Hibbard, G.R
বিন্যাস: গ্রন্থ
ভাষা:ইংরেজি
প্রকাশিত: Oxford : Oxford University Press, 1987.
মালা:Oxford World's Classics
ট্যাগগুলো: ট্যাগ যুক্ত করুন
কোনো ট্যাগ নেই, প্রথমজন হিসাবে ট্যাগ করুন!

MARC

LEADER 00000cam a22000002a 4500
001 0000008230
003 DAYSTAR
005 20171002014524.0
008 030703s1987 xx 001 0 eng d
020 |a 0192834169 
040 |a Daystar  |d Mnakali 
050 1 |a PR2807  |b .A2H5 
245 0 0 |a Hamlet. 
260 |a Oxford :  |b Oxford University Press,  |c 1987. 
300 |a 406 p. 
490 0 |a Oxford World's Classics 
700 1 |a Hibbard, G.R. 
908 |a 060412 
942 |c G 
952 |0 0  |1 0  |4 0  |6 PR_2807_000000000000000_A2H5  |7 0  |9 3470  |a DUA  |b DUA  |c GC  |d 2017-09-28  |l 0  |o PR2807.A2H5  |p BK017344  |r 2017-09-28 00:00:00  |w 2017-09-28  |x 41314  |y G 
999 |c 2227  |d 2227